Welcome to the Holygrace Academy Library

Please use search bar below to get started

STORY OF THE I.N.A (Record no. 1600)

MARC details
000 -LEADER
fixed length control field 00291nam a22001217a 4500
082 ## - DEWEY DECIMAL CLASSIFICATION NUMBER
Classification number 900
Item number GIL/S
100 ## - MAIN ENTRY--AUTHOR NAME
Personal name GILL, COLONEL NIRANJAN SINGH
245 ## - TITLE STATEMENT
Title STORY OF THE I.N.A
260 ## - PUBLICATION, DISTRIBUTION, ETC. (IMPRINT)
Place of publication DELHI
Name of publisher PUBLICATIOPNS DIVISION
Year of publication 1985
300 ## - PHYSICAL DESCRIPTION
Number of Pages 85
650 ## - SUBJECT ADDED ENTRY--TOPICAL TERM
Topical Term HISTORY REFERENCE
Geographic subdivision INDIA
942 ## - ADDED ENTRY ELEMENTS (KOHA)
Koha item type Books
Holdings
Withdrawn status Lost status Collection code Home library Current library Shelving location Date acquired Source of acquisition Cost, normal purchase price Full call number Accession Number Koha item type
    Reference Main Library Main Library SHELF-5 H REFERENCE SOCIAL SCIENCE 06/03/2002 purchase 3.00 900 GIL/S 01108 Books
    Reference Main Library Main Library SHELF-5 H REFERENCE SOCIAL SCIENCE 01/03/2002 purchase 3.00 900 GIL/S 01107 Books
    Reference Main Library Main Library SHELF-5 H REFERENCE SOCIAL SCIENCE 06/03/2002 purchase 3.00 900 GIL/S 01106 Books
    Reference Main Library Main Library SHELF-5 H REFERENCE SOCIAL SCIENCE 06/03/2002 purchase 3.00 900 GIL/S 01105 Books